| 000 | 00761nam a2200181Ia 4500 | ||
|---|---|---|---|
| 008 | 100921s9999 xx 000 0 und d | ||
| 082 |
_b41196 _a796 न 06 |
||
| 100 | _aवाळुंजकर विकास. | ||
| 245 | _aज्ञानवंतांच्या वास्तु. | ||
| 260 |
_bपुष्प प्रकाशन,पुणे. _c2006 |
||
| 300 |
_a120 _bजयेश एजन्सी,पुणे. |
||
| 365 | _b110 | ||
| 520 | _aकला-वास्तुशिल्पकला. | ||
| 630 | _aज्ञानवंतांच्या वास्तु. | ||
| 650 | _aकला-वास्तुशिल्पकला. | ||
| 730 | _aज्ञानवंतांच्या वास्तु. | ||
| 942 | _cBOOK | ||
| 999 |
_c790309 _d790306 |
||